| 000 -ლიდერი |
| ფიქსირებული სიგრძის საკონტროლო ველი |
02044nam a22003137a 4500 |
| 003 - საკონტროლო ნომრის იდენტიფიკატორი |
| საკონტროლო ველი |
Ge_BSU |
| 005 - ბოლო ოპერაციის თარიღი და დრო |
| საკონტროლო ველი |
20240514160430.0 |
| 008 - ფიქსირებული სიგრძის მონაცემთა ელემენტები - ზოგადი ინფორმაცია |
| ფიქსირებული სიგრძის საკონტროლო ველი |
240514s2022 ge ||||| |||| 00| 0 geo d |
| 020 ## - წიგნის საერთაშორისო სტანდარტული ნომერი |
| International Standard Book Number |
9789941850110 |
| 041 ## - ენის კოდი |
| Language code of text/sound track or separate title |
eng |
| 080 ## - უნივერსალური ათობითი კლასიფიკაციის ინდექსი |
| Universal Decimal Classification number |
929(479.22) ჯ-21 |
| 100 ## - მთავარი ჩანაწერი - პიროვნების სახელი |
| Personal name |
ჯანელიძე, ოთარ |
| 9 (RLIN) |
1743 |
| 245 ## - ცნობა სათაურის შესახებ |
| Title |
ზუბალაშვილები, დავით სარაჯიშვილი, აკაკი ხოშტარია, მიტროფანე ლაღიძე და სხვანი... / |
| Statement of responsibility, etc |
ოთარ ჯანელიძე ; რედაქტორი პაატა ნაცვლიშვილი; დიზაინი ელენე ვარამაშვილი. |
| 250 ## - გამოცემის ცნობა |
| Edition statement |
(მე-2 გამოცემა). |
| 264 ## - წარმოების, გამოცემის, დისტრიბუციის და სხვა ცნობები |
| გამოცემის, წარმოების, დისტრიბუციის... ადგილი |
თბილისი : |
| გამოცემის, წარმოების, დისტრიბუციის... სახელწოდება |
ალტერნატიული მედია საშუალება, |
| გამოცემის, წარმოების, დისტრიბუციის... თარიღი |
2022. |
| 300 ## - ფიზიკური აღწერა |
| Extent |
432 გვ. : |
| Other physical details |
ფოტ. ; |
| Dimensions |
21 სმ. |
| 500 ## - ზოგადი შენიშვნა |
| General note |
წიგნი გამოიცა ბიზნესმენ ლადო საყვარელიძის ფინანსური მხარდაჭერით. |
| 504 ## - BIBLIOGRAPHY, ETC. NOTE |
| Bibliography, etc |
ბიბლიოგრაფია ტექსტის შენიშვნებში. |
| 653 ## - INDEX TERM--UNCONTROLLED |
| Uncontrolled term |
ზუბალაშვილები |
| 653 ## - INDEX TERM--UNCONTROLLED |
| Uncontrolled term |
სარაჯიშვილი, დავით, 1848-1911 |
| 653 ## - INDEX TERM--UNCONTROLLED |
| Uncontrolled term |
ხოშტარია, აკაკი, 1873-1932 |
| 653 ## - INDEX TERM--UNCONTROLLED |
| Uncontrolled term |
ლაღიძე, მიტროფანე, 1869-1960 |
| 653 ## - INDEX TERM--UNCONTROLLED |
| Uncontrolled term |
ქართველი ქველმოქმედები |
| 653 ## - INDEX TERM--UNCONTROLLED |
| Uncontrolled term |
ქართველი მეწარმეები |
| 653 ## - INDEX TERM--UNCONTROLLED |
| Uncontrolled term |
ქართველ მოღვაწეთა ბიოგრაფიები |
| 700 ## - ADDED ENTRY--PERSONAL NAME |
| Personal name |
ნაცვლიშვილი, პაატა |
| Relator term |
რედაქტორი |
| 9 (RLIN) |
14447 |
| 700 ## - ADDED ENTRY--PERSONAL NAME |
| Personal name |
ვარამაშვილი, ელენე |
| Relator term |
დიზაინერი |
| 9 (RLIN) |
5082 |
| 942 ## - ADDED ENTRY ELEMENTS (KOHA) |
| Source of classification or shelving scheme |
|
| Koha item type |
წიგნი |